|
|
|
|
| LEADER |
01084cam a22003131a 4500 |
| 001 |
000033330 |
| 003 |
9482 |
| 005 |
20241014081825.0 |
| 008 |
151016s2005 000 eng |
| 020 |
|
|
|a 0393924963
|
| 040 |
|
|
|a lnn
|c lnn
|d lnn
|
| 041 |
|
|
|a eng
|
| 082 |
0 |
0 |
|a 338.5
|b MA-E
|
| 245 |
0 |
0 |
|a Managerial economics :
|b theory, applications, and cases /
|c W. Bruce Allen ... [et al.].
|
| 250 |
|
|
|a 6th ed.
|
| 260 |
|
|
|a New York :
|b W.W. Norton,
|c c2005.
|
| 300 |
|
|
|a xxiv, 832, 88 p. :
|b col. ill. ;
|c 25 cm.
|
| 504 |
|
|
|a Includes bibliographical references and index.
|
| 650 |
|
0 |
|a Managerial economics.
|
| 700 |
1 |
|
|a Allen, W. Bruce.
|
| OWN |
|
|
|a LNN
|
| AVA |
|
|
|a UDN50
|b LNN
|c English
|d 338.5MA-E
|e available
|t Error 5001 Not defined in file expand_doc_bib_avail.
|f 2
|g 0
|h N
|i 0
|j AN
|k 1
|
| 999 |
|
|
|a From the UDN01
|
| AVA |
|
|
|a UDN50
|b LNN
|c English
|d 338.5MA-E
|e available
|t Error 5001 Not defined in file expand_doc_bib_avail.
|f 2
|g 0
|h N
|i 0
|j AN
|k 1
|
| TYP |
|
|
|a Monograph
|
| 980 |
|
|
|a Mạng thư viện Đại học Đà Nẵng
|